Information modeling and relational databases

Information Modeling and Relational Databases, second edition, provides an introduction to ORM (Object-Role Modeling)and much more. In fact, it is the only book to go beyond introductory coverage and provide all of the in-depth instruction you need to transform knowledge from domain experts into a s...

সম্পূর্ণ বিবরণ

সংরক্ষণ করুন:
গ্রন্থ-পঞ্জীর বিবরন
প্রধান লেখক: Halpin, T. A.
বিন্যাস: গ্রন্থ
ভাষা:Undetermined
প্রকাশিত: Burlington, MA Elsevier/Morgan Kaufman Publishers 2008
বিষয়গুলি:
ট্যাগগুলো: ট্যাগ যুক্ত করুন
কোনো ট্যাগ নেই, প্রথমজন হিসাবে ট্যাগ করুন!
Thư viện lưu trữ: Trung tâm Học liệu Trường Đại học Cần Thơ
LEADER 01156nam a2200205Ia 4500
001 CTU_158090
008 210402s9999 xx 000 0 und d
020 |c 71.24 
082 |a 005.756 
082 |b H195 
100 |a Halpin, T. A. 
245 0 |a Information modeling and relational databases 
245 0 |c Terry Halpin, Tony Morgan 
260 |a Burlington, MA 
260 |b Elsevier/Morgan Kaufman Publishers 
260 |c 2008 
520 |a Information Modeling and Relational Databases, second edition, provides an introduction to ORM (Object-Role Modeling)and much more. In fact, it is the only book to go beyond introductory coverage and provide all of the in-depth instruction you need to transform knowledge from domain experts into a sound database design. This book is intended for anyone with a stake in the accuracy and efficacy of databases: systems analysts, information modelers, database designers and administrators, and programmers. 
650 |a Database design,Relational databases,Thiết kế dữ liệu,Mối quan hệ dữ liệu 
904 |i Năm 
980 |a Trung tâm Học liệu Trường Đại học Cần Thơ